LEADER 01095nam a2200289 i 4500 001 000000149225 003 CaOOAMICUS 005 20060515000000.0 008 060515s2005 it u000 u ita u 013 $a126545 020 $a88-7357-371-1 040 $aSeMil$bita 100 1 $aBastianel, Sergio,$c.$0(OLS)http://semarc/name/89106 245 10$aFigure di preghiera nella Bibbia /$cSergio Bastianel. 260 $aRoma :$bAdP,$c2005. 300 $a151 p. ;$c21 cm. 490 0 $aBibbia e preghiera 500 $aDono del Card. Dionigi Tettamanzi. 650 4$aBibbia - Preghiera.$0(OLS)http://semarc/subject/5730 830 0$aBibbia e preghiera.$0(OLS)http://semarc/title/10788 850 $aSeMil 852 $aSeMil$W1$xVenegono$y1$m3F I 362$j101523$B101523$CSeMilBibl$Z2$F114593 $81 941 1 $a5 961 $aOmaggio: Tettamanzi Card. Dionigi 996 $6020$a88-7357-371-1$9(OLS)http://semarc/number/138331 996 $6245$aFigure di preghiera nella Bibbia$9(OLS)http://semarc/title/218165 996 $6260$aRoma :$bAdP$9(OLS)http://semarc/publisher/32136 LEADER 00769nam a2200193 i 4500 001 000000185746 003 CaOOAMICUS 005 20151201000000.0 008 151201s1917 it u000 u ita u 013 $a163780 040 $aSeMil$bita 100 1 $aGiacosa, Giuseppe,$d<1847-1906>.$0(OLS)http://semarc/name/37088 245 10$aGenti e cose della montagna :$bnovelle e capitoli /$cGiuseppe Giacosa. 260 $aSesto S. Giovanni :$bMadella,$c1917. 300 $a153 p. ;$c20 cm. 850 $aSeMil 852 $aSeMil$W1$xVenegono$y1$m1A II 105$j136437$B136437$CSeMilBibl$Z2$F147967 $81 996 $6245$aGenti e cose della montagna :$bnovelle e capitoli$9(OLS)http://semarc/title/267009 996 $6260$aSesto S. Giovanni :$bMadella$9(OLS)http://semarc/publisher/35062